| 000 | 01684nam a2200397 c 4500 | ||
|---|---|---|---|
| 003 | BLK | ||
| 005 | 20250118125516.0 | ||
| 008 | 180409b bul|||||r ||||||| ||bul|| | ||
| 010 | _aKNG00137581000 | ||
| 020 |
_a978-954-340-189-5 _bиздат.: Ню Медиа Груп - на том(т. 4) |
||
| 040 | _aBLK | ||
| 041 |
_aBUL _cBUL |
||
| 072 | 7 |
_2bullib _aН63 _xСелско стопанство Н |
|
| 080 |
_aДекоративни растения. Декоративно градинарство _b635.9 _x(031) _z635.9(031) |
||
| 080 |
_aФуражни треви. Ливадни треви _b633.2 _x(031) _z633.2(031) |
||
| 700 | 1 |
_aМиланова, Петя _eсъстав. и ред. _9322871 |
|
| 139 |
_aГоляма енциклопедия на цветята _bГ 63 |
||
| 245 | 1 | 0 |
_aГоляма енциклопедия на цветята _bТ. 1 - _cсъстав. и ред. Петя Миланова. _nТ. 4 _pЛеани и треви |
| 257 | _aBGR | ||
| 260 |
_аСофия _c2011 - _fСофия : Мултипринт |
||
| 300 | _c20 см | ||
| 380 | _a63 | ||
| 650 | 7 |
_aДекоративни растения _2 _9152943 |
|
| 650 | 4 |
_aТреви - отделни видове _9322872 |
|
| 653 | _aлиани | ||
| 653 | _aдекоративни треви | ||
| 653 | _aенциклопедии | ||
| 659 | _aН | ||
| 760 | 1 |
_3- на том(т. 4) _dНю Медиа Груп, 2011 _h112 с. : с цв. ил. _tТ. 4 Леани и треви |
|
| 852 | _aЦб 257554 | ||
| 856 | 4 |
_qpdf _u |
|
| 856 | 4 |
_qpdf _u |
|
| 942 |
_cKNG _n0 _01 |
||
| 944 |
_aCR _c16.05.2012 _k30576 _lЦветомила Тодорова |
||
| 944 |
_aED _c23.04.2013 _k |
||
| 999 |
_c131746 _d131746 |
||